Día grande de Navarra ; Cartas de Juan de la Encina / (Record no. 69017)

MARC details
000 -LEADER
campo de control de longitud fija 00911nam a2200265 i 4500
001 - NÚMERO DE CONTROL
campo de control 69017
003 - IDENTIFICADOR DE NÚMERO DE CONTROL
campo de control ES-MaACL
005 - FECHA Y HORA DE LA ÚLTIMA TRANSACCIÓN
campo de control 20250819035450.0
007 - CAMPO FIJO DE DESCRIPCIÓN FÍSICA--INFORMACIÓN GENERAL
campo de control de longitud fija t|
008 - DATOS DE LONGITUD FIJA--INFORMACIÓN GENERAL
campo de control de longitud fija 040826q19301940sp ||||1| spa d
080 ## - NÚMERO DE LA CLASIFICACIÓN DECIMAL UNIVERSAL
Número de la Clasificación Decimal Universal 94(460.16 P.)"17"
100 1# - ENTRADA PRINCIPAL--NOMBRE DE PERSONA
Nombre de persona Isla, José Francisco de.
9 (RLIN) 65573
245 10 - MENCIÓN DEL TÍTULO
Título Día grande de Navarra ; Cartas de Juan de la Encina /
Mención de responsabilidad, etc. por el P. José Francisco de Isla.
250 ## - MENCION DE EDICION
Mención de edición 1ª ed.
260 ## - PUBLICACIÓN, DISTRIBUCIÓN, ETC.
Lugar de publicación, distribución, etc. Madrid :
Nombre del editor, distribuidor, etc. Razón y Fe,
Fecha de publicación, distribución, etc. [entre 1930 y 1940]
300 ## - DESCRIPCIÓN FÍSICA
Extensión 193 p. ;
Dimensiones 18 cm.
490 1# - MENCIÓN DE SERIE
Mención de serie Biblioteca de clásicos amenos ;
Designación de volumen o secuencia 10
600 04 - PUNTO DE ACCESO ADICIONAL DE MATERIA--NOMBRE DE PERSONA
Nombre de persona Fernando
Numeración VII,
Títulos y otros términos asociados al nombre Rey de España
9 (RLIN) 50206
651 #4 - PUNTO DE ACCESO ADICIONAL DE MATERIA--NOMBRE GEOGRÁFICO
Nombre geográfico Pamplona-
Subdivisión general Historia-
Subdivisión cronológica S.XVIII.
9 (RLIN) 9203
700 1# - ENTRADA AGREGADA--NOMBRE PERSONAL
Nombre de persona Encina, Juan del,
Fechas asociadas al nombre 1469-1529
9 (RLIN) 47173
740 0# - ENTRADA AGREGADA--TÍTULO RELACIONADO/ANALÍTICO NO CONTROLADO
Título relacionado o analítico no controlado Cartas de Juan de la Encina.
830 0# - PUNTO DE ACCESO ADICIONAL DE SERIE-TÍTULO UNIFORME
Título uniforme Biblioteca de clásicos amenos ;
Designación de volumen o secuencia 10
9 (RLIN) 230972
852 ## - LOCALIZACIÓN
Ubicación ES-MaACL
Número de control de estantería C-4565
Sublocalización o colección R.24267
Holdings
Estatus retirado Estado de pérdida Estado de daño No para préstamo Biblioteca de origen Biblioteca actual Ubicación en estantería Fecha de adquisición Fuente de adquisición Total de préstamos Signatura topográfica completa Código de barras Visto por última vez Precio de reemplazo Tipo de ítem Koha
        Biblioteca del Ateneo de Madrid Biblioteca del Ateneo de Madrid Sala Palomar 17/01/2008     C-4565 1072271 23/02/2023 23/02/2023 Libro impreso